Представление документа в формате MARC21

Поле Инд. ПП Название Значение
Тип записи a
Библиографический уровень m
001 _ Контрольный номер RU/URAIT/468700
005 _ Дата корректировки 20250915104101.1
008 Кодируемые данные 160622s2021 RU y f j 000 0 rus u
020 a ISBN 978-5-534-00871-5
c Цена, тираж 889.00
040 a Служба первич. каталог. ИКО Юрайт
c Служба, преобразующая запись ИКО Юрайт
e Правила каталог. RCR
041 a Код языка текста rus
044 a Код страны публикации RU
080 a Индекс УДК 519.1(075.8)
084 2 Источник индекса rubbk
a Индекс другой классификации/Индекс ББК 22.176я73
100 1_ a Автор Судоплатов Сергей Владимирович
q Полное имя Сергей Владимирович
245 a Заглавие Дискретная математика
b Продолж. заглавия Учебник и практикум для вузов
c Ответственность Судоплатов С. В., Овчинникова Е. В.
250 g испр. и доп
a Основные сведения об издании 5-е изд.
256 a Характеристики компьютерного файла Электрон. дан.
260 a Место издания Москва
b Издательство Юрайт
c Дата издания 2021
300 a Объем 279 с
440 a Серия Высшее образование
500 a Примечание URL: https://urait.ru/bcode/468700 (дата обращения: 23.11.2021).
520 a Аннотация В книге излагаются основы теории множеств, алгебраических систем, компьютерной арифметики, теории графов, комбинаторики, алгебры логики, которые образуют курс дискретной математики. Учебник поможет студенту овладеть информацией о математике как об особом способе познания мира, общности ее понятий и представлений, а также о дискретной математике как о важнейшем разделе математики, используемом в современном математическом моделировании. Для углубленного изучения материала в конце книги приводится список литературы. Для удобства поиска используемых терминов дан указатель терминов, а также указатель обозначений. Кроме того, в качестве приложения приведен типовой расчет по дискретной математике для самостоятельного выполнения студентами семестрового задания на основе материала, излагаемого в книге.
538 a Прим. о системных особенностях Режим доступа: Электронно-библиотечная система Юрайт, для авториз. пользователей
653 a Ключевые слова Дискретная математика
653 a Ключевые слова Математика, статистика и механика.
653 a Ключевые слова Дискретная математика
653 a Ключевые слова Дискретная математика и математическая логика
653 a Ключевые слова Математика. Дискретная математика
653 a Ключевые слова Введение в дискретную математику
653 a Ключевые слова Основы дискретной математики
653 a Ключевые слова Дискретная математика, математическая логика и алгоритмизация
653 a Ключевые слова Дискретная математика, математическая логика и теория алгоритмов
653 a Ключевые слова Дискретная математика и исследование операций
653 a Ключевые слова Дискретная математика и сложность алгоритмов
653 a Ключевые слова Математическая логика и дискретная математика
700 1_ a Другие авторы Овчинникова Елена Викторовна
q Полное имя Елена Викторовна
856 40 u URL https://urait.ru/bcode/468700
x Примечание для ЭОР https://urait.ru/book/cover/1866F5E8-9285-4AF9-9306-688A65C095AA
z Примечание для пользователя Участвует в КО
856 41 u URL https://urait.ru/book/cover/1866F5E8-9285-4AF9-9306-688A65C095AA